000 00837nam a2200325 a 4500
999 _c8216
_d8216
001 8216
003 UkOxU
005 20210930134020.0
008 040326s2006 enka 001 0 eng d
020 _a0748776656
035 _a(BD-JhCC)8216
040 _aBD-JhCC
_dBD-JhCC
041 _aeng
082 _a530.124
_bELL 2006
100 1 _aEllse, Mark.
245 1 0 _aWaves and our universe /
_cMark Ellse, Chris Honeywill.
250 _aRev. ed.
260 _aCheltenham :
_bNelson Thornes,
_c2006.
300 _aiv, 76 p. :
_bill. ;
_c28 cm.
650 0 _aWaves.
650 0 _aOscillations.
650 0 _aCosmology.
650 0 _aBig bang theory.
650 0 _aStars
_xSpectra.
650 0 _aQuantum theory.
700 1 _aHoneywill, Chris.
830 0 _aNelson advanced science
942 _2ddc
_cBK
_02